[Event "Tsaghkadzor op"]
[Site "Tsaghkadzor"]
[Date "2017.11.25"]
[Round "3"]
[White "Sayadyan, Edvard"]
[Black "Baghdasaryan, Vahe"]
[Result "0-1"]
[WhiteElo "2040"]
[BlackElo "2437"]
[PlyCount "78"]
[EventDate "2017.11.23"]
[EventType "swiss"]
[EventRounds "9"]
[EventCountry "ARM"]
[SourceTitle "CBM 181 Extra"]
[Source "ChessBase"]
[SourceDate "2017.12.12"]
[SourceVersion "1"]
[SourceVersionDate "2017.12.12"]
[SourceQuality "1"]

1. e4 c5 2. Nf3 d6 3. d4 cxd4 4. Nxd4 Nf6 5. Nc3 a6 6. Bg5 Nbd7 7. f4 e6 8. Qf3 Be7 9. 0-0-0 Qc7 10. Bd3 h6 11. Bh4 Rb8 12. Rhe1 g5 13. fxg5 Ne5 14. Qe2 Nfg4 15. Nf3 Nxf3 16. gxf3 hxg5 17. Bg3 Ne5 18. f4 gxf4 19. Bxf4 b5 20. Rf1 b4 21. Nb1 Nxd3+ 22. Qxd3 e5 23. Bg3 Bg4 24. Rde1 Qa5 25. Qd5 Bg5+ 26. Bf4 Qxd5 27. exd5 Be7 28. Bd2 f5 29. c4 bxc3 30. Nxc3 Rxh2 31. Rh1 Rxh1 32. Rxh1 Kd7 33. Rh7 Rg8 34. b4 f4 35. a4 Bf5 36. Rh6 Rg1+ 37. Kb2 Rg2 38. Kc1 f3 39. Nd1 Rxd2 0-1

[Event "Yerevan op 2nd"]
[Site "Yerevan"]
[Date "2017.09.24"]
[Round "6"]
[White "Sayadyan, Edvard"]
[Black "Davtyan, Artur"]
[Result "0-1"]
[WhiteElo "2011"]
[BlackElo "2303"]
[PlyCount "142"]
[EventDate "2017.09.19"]
[EventType "swiss"]
[EventRounds "9"]
[EventCountry "ARM"]
[SourceTitle "CBM 180 Extra"]
[Source "ChessBase"]
[SourceDate "2017.10.06"]
[SourceVersion "1"]
[SourceVersionDate "2017.10.06"]
[SourceQuality "1"]

1. e4 e5 2. Nf3 Nc6 3. Bb5 a6 4. Ba4 Nf6 5. 0-0 Be7 6. d3 b5 7. Bb3 0-0 8. Nc3 d6 9. a3 Bg4 10. Be3 Qd7 11. Nd5 Nxd5 12. Bxd5 Be6 13. c4 Rab8 14. Rc1 Nd8 15. d4 Bg4 16. cxb5 exd4 17. Bxd4 axb5 18. h3 Be6 19. Qc2 Qc8 20. Rfd1 c6 21. Bb3 Qb7 22. Be3 Bxb3 23. Qxb3 Ne6 24. Nd4 Nxd4 25. Rxd4 Rfd8 26. Rcd1 Rd7 27. Bf4 Rbd8 28. Qg3 d5 29. exd5 Rxd5 30. Be5 Bf8 31. Rxd5 Rxd5 32. Rxd5 cxd5 33. Bc3 Qc8 34. Qe5 Qd8 35. Kf1 h6 36. Ke2 Qa8 37. g3 Qa6 38. Kd2 Qa8 39. h4 Qd8 40. Qd4 Qd7 41. Ke2 f6 42. Kd2 Qf5 43. Qb6 Kh7 44. Bd4 Qe4 45. Bc5 Bxc5 46. Qxc5 f5 47. Kc3 Qe1+ 48. Kb3 Qd1+ 49. Kb4 Qd3 50. Qc3 Qe4+ 51. Kc5 f4 52. Qd4 fxg3 53. fxg3 Qf3 54. g4 Qb3 55. g5 hxg5 56. hxg5 Kg6 57. Qe5 Qc4+ 58. Kd6 d4 59. Qe4+ Kxg5 60. Qg2+ Kf4 61. Qf2+ Ke4 62. Qe1+ Kf3 63. Qd1+ Ke3 64. Qg1+ Kd2 65. Qxg7 d3 66. b4 Kc2 67. Qg6 Kb2 68. Qg2+ Qc2 69. Qg7+ Qc3 70. Qg2+ d2 71. Kd5 Qc4+ 0-1

[Event "Yerevan op 2nd"]
[Site "Yerevan"]
[Date "2017.09.20"]
[Round "2"]
[White "Sayadyan, Edvard"]
[Black "Tahbaz, Arash"]
[Result "0-1"]
[WhiteElo "2011"]
[BlackElo "2381"]
[PlyCount "62"]
[EventDate "2017.09.19"]
[EventType "swiss"]
[EventRounds "9"]
[EventCountry "ARM"]
[SourceTitle "CBM 180 Extra"]
[Source "ChessBase"]
[SourceDate "2017.10.06"]
[SourceVersion "1"]
[SourceVersionDate "2017.10.06"]
[SourceQuality "1"]

1. e4 c5 2. Nf3 e6 3. d4 cxd4 4. Nxd4 Nf6 5. Nc3 d6 6. g4 h6 7. h3 Nc6 8. Be3 a6 9. Qe2 Qc7 10. 0-0-0 Nxd4 11. Bxd4 e5 12. Be3 Be6 13. Nd5 Bxd5 14. exd5 Be7 15. Kb1 Nd7 16. h4 Rc8 17. f4 exf4 18. Bxf4 Kd8 19. Re1 Nb6 20. Bg2 Bf6 21. Rh3 Na4 22. Re3 Qc5 23. Re8+ Kc7 24. Re7+ Kb8 25. Rd7 Qb6 26. Bxd6+ Ka8 27. Be5 Bxe5 28. Rxb7 Qxb7 29. Qxe5 Rhe8 30. d6 Qxg2 31. d7 Qxc2+ 0-1

[Event "Yerevan Asrian Memorial 10th"]
[Site "Yerevan"]
[Date "2017.06.22"]
[Round "2"]
[White "Sayadyan, Edvard"]
[Black "Hakobyan, Astghik"]
[Result "1-0"]
[WhiteElo "2048"]
[BlackElo "1633"]
[PlyCount "69"]
[EventDate "2017.06.21"]
[EventType "swiss"]
[EventRounds "9"]
[EventCountry "ARM"]
[SourceTitle "EXT 2018"]
[Source "ChessBase"]
[SourceDate "2017.10.13"]
[SourceVersion "1"]
[SourceVersionDate "2017.10.13"]
[SourceQuality "1"]

1. e4 e6 2. d4 d5 3. Nc3 Bb4 4. e5 c5 5. a3 Bxc3+ 6. bxc3 Ne7 7. Qg4 cxd4 8. Bd3 0-0 9. cxd4 Nbc6 10. Nf3 Nf5 11. Qh3 h6 12. c3 Qa5 13. Bd2 f6 14. g4 Nfe7 15. 0-0 fxe5 16. dxe5 Rxf3 17. Qxf3 Nxe5 18. Qg3 Nxd3 19. Qxd3 Bd7 20. Rfe1 Rf8 21. c4 Qb6 22. Be3 Qa6 23. Bc5 Rf7 24. Bxe7 Rxe7 25. Rac1 Bc6 26. Re3 Re8 27. cxd5 Qxd3 28. Rxd3 exd5 29. Re3 Rd8 30. Rd1 a5 31. Rd4 a4 32. Kg2 Kf7 33. Kg3 Rd6 34. f4 Kf6 35. h4 1-0

[Event "Yerevan Asrian Memorial 9th"]
[Site "Yerevan"]
[Date "2016.06.21"]
[Round "6"]
[White "Sayadyan, Edvard"]
[Black "Kotanjian, Tigran"]
[Result "0-1"]
[WhiteElo "2016"]
[BlackElo "2485"]
[PlyCount "72"]
[EventDate "2016.06.16"]
[EventType "swiss"]
[EventRounds "9"]
[EventCountry "ARM"]
[SourceTitle "CBM 173 Extra"]
[Source "ChessBase"]
[SourceDate "2016.08.29"]
[SourceVersion "1"]
[SourceVersionDate "2016.08.29"]
[SourceQuality "1"]

1. e4 c5 2. Nf3 Nc6 3. d4 cxd4 4. Nxd4 e6 5. Nc3 a6 6. Be3 Nf6 7. Qf3 Bb4 8. Nxc6 bxc6 9. Bd4 d5 10. 0-0-0 0-0 11. exd5 cxd5 12. Bxf6 Qxf6 13. Qxf6 gxf6 14. Na4 Rb8 15. Rd4 Bd7 16. a3 Be7 17. Nc3 Rb6 18. Bd3 Rfb8 19. Nd1 f5 20. c3 Bc5 21. Rh4 e5 22. b4 Be7 23. Rh5 e4 24. Bc2 Be6 25. Ne3 Bf6 26. Rd1 d4 27. cxd4 a5 28. bxa5 Rb5 29. a4 Rxa5 30. g4 Rc8 31. Nxf5 Rxa4 32. g5 Ra2 33. Nh6+ Kf8 34. gxf6 Rcxc2+ 35. Kb1 Rcb2+ 36. Kc1 Rxf2 0-1

[Event "Biel MTO op 48th"]
[Site "Biel"]
[Date "2015.07.31"]
[Round "11"]
[White "Sayadyan, Edvard"]
[Black "Andersen, Mads"]
[Result "0-1"]
[WhiteElo "1974"]
[BlackElo "2467"]
[PlyCount "90"]
[EventDate "2015.07.20"]
[EventType "swiss"]
[EventRounds "11"]
[EventCountry "SUI"]
[SourceTitle "CBM 167 Extra"]
[Source "ChessBase"]
[SourceDate "2015.09.14"]
[SourceVersion "1"]
[SourceVersionDate "2015.09.14"]
[SourceQuality "1"]

1. e4 e6 2. d4 d5 3. Nc3 Nf6 4. e5 Nfd7 5. f4 c5 6. Nf3 Be7 7. Be3 0-0 8. Qd2 b6 9. Nd1 a5 10. c3 a4 11. a3 Ba6 12. Bxa6 Rxa6 13. 0-0 Qc8 14. f5 exf5 15. Bf4 Rd8 16. Ne3 Nf8 17. Bg5 Nc6 18. Qf2 Ne6 19. Bxe7 Nxe7 20. Qh4 Ra7 21. g4 Ng6 22. Qh5 fxg4 23. Qxg4 Nef4 24. Qxc8 Rxc8 25. Rad1 Rd7 26. Nh4 Ne6 27. Nhf5 cxd4 28. cxd4 Ngf4 29. Kh1 Rf8 30. Nd6 f6 31. Rd2 fxe5 32. dxe5 d4 33. Nc2 d3 34. Nb4 Nc5 35. Rdf2 Ng6 36. Rxf8+ Nxf8 37. Nd5 Ng6 38. Nxb6 Re7 39. Ndc4 Nxe5 40. Nd5 Re6 41. Nd2 Ng4 42. Nc3 Rh6 43. Nf3 Rb6 44. Nd5 Rxb2 45. Ne5 Rf2 0-1

[Event "EU-ch 15th"]
[Site "Yerevan"]
[Date "2014.03.10"]
[Round "7"]
[White "Nikolaidis, Konstantinos"]
[Black "Sayadyan, Edvard"]
[Result "0-1"]
[WhiteElo "2186"]
[BlackElo "2010"]
[PlyCount "130"]
[EventDate "2014.03.03"]
[EventType "swiss"]
[EventRounds "11"]
[EventCountry "ARM"]
[SourceTitle "CBM 160"]
[Source "ChessBase"]
[SourceDate "2014.05.15"]
[SourceVersion "1"]
[SourceVersionDate "2014.05.15"]
[SourceQuality "1"]

1. e4 c5 2. Nf3 d6 3. d4 cxd4 4. Nxd4 Nf6 5. Nc3 g6 6. Be3 Bg7 7. f3 Nc6 8. Qd2 0-0 9. 0-0-0 d5 10. Kb1 Nxd4 11. e5 Nf5 12. exf6 exf6 13. Nxd5 Nxe3 14. Qxe3 Be6 15. Bc4 f5 16. c3 Qh4 17. Bb3 Bxd5 18. Bxd5 Rfe8 19. Qd3 Re7 20. g3 Qf6 21. Rhe1 Rae8 22. Rxe7 Rxe7 23. a4 Qb6 24. Ka2 Bf6 25. Bb3 Kg7 26. Qd5 Qf2 27. Rd2 Qg1 28. Bc4 a6 29. Kb3 Rc7 30. a5 b5 31. axb6 Qxb6+ 32. Kc2 Rb7 33. Kd1 a5 34. g4 fxg4 35. fxg4 Rc7 36. h3 Qg1+ 37. Kc2 a4 38. Qb5 a3 39. bxa3 Qe3 40. Rd3 Qe4 41. Qd5 Rxc4 42. Qxe4 Rxe4 43. Kb3 Re1 44. a4 Be5 45. Kb4 f5 46. gxf5 gxf5 47. a5 f4 48. a6 Ra1 49. Kb5 Kg6 50. Kb6 Kf5 51. a7 Ke4 52. Rd1 Ra4 53. Re1+ Kf5 54. Kb7 Bxc3 55. Rc1 Bd4 56. a8Q Rxa8 57. Kxa8 f3 58. Kb7 f2 59. Kc6 Ke4 60. Rf1 Kf3 61. h4 h5 62. Kd5 Bf6 63. Ke6 Bxh4 64. Kf5 Bg3 65. Rb1 h4 0-1

[Event "EU-ch 15th"]
[Site "Yerevan"]
[Date "2014.03.06"]
[Round "4"]
[White "Sayadyan, Edvard"]
[Black "Mkrtchian, Lilit"]
[Result "0-1"]
[WhiteElo "2010"]
[BlackElo "2465"]
[PlyCount "66"]
[EventDate "2014.03.03"]
[EventType "swiss"]
[EventRounds "11"]
[EventCountry "ARM"]
[SourceTitle "CBM 160"]
[Source "ChessBase"]
[SourceDate "2014.05.15"]
[SourceVersion "1"]
[SourceVersionDate "2014.05.15"]
[SourceQuality "1"]

1. e4 c5 2. Nf3 e6 3. d4 cxd4 4. Nxd4 Nc6 5. Nc3 Qc7 6. Be3 a6 7. Qf3 Bb4 8. Nxc6 Qxc6 9. Bd4 f6 10. 0-0-0 Ne7 11. a3 Bd6 12. Qh5+ Ng6 13. e5 fxe5 14. Bd3 0-0 15. Be3 Bxa3 16. Ne4 Be7 17. Ng3 d5 18. Bxg6 hxg6 19. Qxg6 e4 20. Nh5 Rf7 21. Qg3 Bd6 22. Qg5 Qc7 23. f4 Bd7 24. Rhf1 Rc8 25. Rf2 Bc5 26. Qg3 Qb6 27. Bxc5 Qxc5 28. f5 exf5 29. Nf4 d4 30. Qb3 d3 31. Nh3 Qe3+ 32. Kb1 dxc2+ 33. Rxc2 Qxb3 0-1

[Event "Davos op 11th"]
[Site "Davos"]
[Date "2013.08.08"]
[Round "3"]
[White "Sayadyan, Edvard"]
[Black "Gentili, Gianguido"]
[Result "0-1"]
[WhiteElo "1953"]
[BlackElo "2134"]
[PlyCount "74"]
[EventDate "2013.08.06"]
[EventType "swiss"]
[EventRounds "5"]
[EventCountry "SUI"]
[SourceTitle "CBM 155 Extra"]
[Source "ChessBase"]
[SourceDate "2013.08.26"]
[SourceVersion "1"]
[SourceVersionDate "2013.08.26"]
[SourceQuality "1"]

1. e4 d6 2. d4 Nf6 3. Nc3 e5 4. Nf3 Nbd7 5. g4 g6 6. g5 Nh5 7. Be3 c6 8. Qd2 Qc7 9. 0-0-0 Be7 10. Bd3 0-0 11. Ne2 c5 12. dxc5 Nxc5 13. Nc3 Be6 14. Be2 Rfc8 15. Nd5 Bxd5 16. exd5 Rab8 17. Kb1 b5 18. Ne1 Nf4 19. Bxf4 exf4 20. Qxf4 Bf8 21. Nf3 Bg7 22. Nd4 Na4 23. c3 Nxb2 24. Rc1 Nc4 25. Nc6 Na3+ 26. Kb2 b4 27. Kb3 bxc3+ 28. Kxa3 Rb2 29. Qc4 Re8 30. Rhe1 Reb8 31. Bg4 Qb6 32. Bc8 Rxa2+ 33. Qxa2 Bd4 34. Rxc3 Bxc3 35. Rb1 Qxb1 36. Qxb1 Rxb1 37. Nxa7 Ra1+ 0-1